000 00618nam a2200205Ia 4500
003 IN-BaIIA
008 211028s9999 xx 000 0 eng d
020 _a978-0-387-78792-3
040 _cIIA Library
080 _a621.396.67
_bGAW
100 _aGawronski, Wodek
_932776
245 0 _aModeling and control of antennas and telescopes
_cWodek Gawronski
260 _aNew York
_bSpringer
_c2008
300 _axv, 225p.
650 _aAnalytical models
_932777
650 _aAntennas
_92176
650 _aLog controllers
_932778
650 _aTelescopes
_91997
942 _cBK
999 _c17378
_d17378